000 00581nam a2200205Ia 4500
005 20250508152804.0
008 008 250505s9999 xx 000 0 hin d
037 _aTextual
040 _aFEDL
_beng
_cFEDL
041 _ahin
_2eng
084 _a181.4, DIW
_qFEDL
100 _aDiwan Chand
245 0 _aDarsan -sangrah
260 _aUttar Pradesh, India
_bPrakashan Shakha, Suchna Vibhag
_c1958
300 _a275p
490 _aHindi samiti granth mala;16
650 _aOriental philosophy
_9755543
942 _cTEXL
_h181.4, DIW
999 _c1338765
_d1338765